Southville International School and Colleges
Your cart is empty.
  • Cart
  • Lists
    Public lists Eva Luna New books Lux_list list_1
    Your lists Log in to create your own lists
  • Log in to your account
  • Your cookies
  • Search history
Southville International School and Colleges
  • Advanced search
  • Recent comments
  • Most popular
  • Libraries

Log in to your account

Log in with GOOGLE


If you do not have an external account, but do have a local account, you can still log in:

  1. Home
  2. MARC view: Chinese in plain English /
Normal view MARC view ISBD view

Chinese in plain English / (Record no. 39387)

[ view plain ]
MARC details
000 -LEADER
fixed length control field 00551nam a2200181 a 4500
005 - DATE AND TIME OF LATEST TRANSACTION
control field 20140311163013.0
008 - FIXED-LENGTH DATA ELEMENTS--GENERAL INFORMATION
fixed length control field 060829s19uu xx 00 eng d
020 ## - INTERNATIONAL STANDARD BOOK NUMBER
International Standard Book Number 0-8442-8481-5
050 ## - LIBRARY OF CONGRESS CALL NUMBER
Classification number PL 1125.E6
Item number .D38 2007
100 ## - MAIN ENTRY--PERSONAL NAME
Personal name DeMente, Boye Lafayette
245 ## - TITLE STATEMENT
Title Chinese in plain English /
Statement of responsibility, etc Boye Lafayette De Mente.
260 ## - PUBLICATION, DISTRIBUTION, ETC. (IMPRINT)
Place of publication, distribution, etc Chicago, illinois :
Name of publisher, distributor, etc Passport Books,
Date of publication, distribution, etc 1995.
300 ## - PHYSICAL DESCRIPTION
Extent 332 p. :
Dimensions 21 cm.
650 ## - SUBJECT ADDED ENTRY--TOPICAL TERM
Topical term or geographic name as entry element Chinese language
General subdivision Conversation, and.
650 ## - SUBJECT ADDED ENTRY--TOPICAL TERM
Topical term or geographic name as entry element Phrase books
General subdivision English.
942 ## - ADDED ENTRY ELEMENTS (KOHA)
Koha item type Books
Source of classification or shelving scheme Library of Congress Classification
Call number prefix Foreign
Holdings
Withdrawn status Lost status Source of classification or shelving scheme Damaged status Home library Current library Shelving location Date acquired Total Checkouts Full call number Barcode Date last seen Price effective from Koha item type
    Library of Congress Classification   College Library College Library General Circulation Section 08/29/2006   PL 1125.E6 .D38 1995 C7477 05/15/2018 02/19/2014 Books

Chinese in plain English /

APA

DeMente B. L., . (1995). Chinese in plain English. Chicago, illinois: Passport Books.

Chicago

DeMente Boye Lafayette, . 1995. Chinese in plain English. Chicago, illinois: Passport Books.

Harvard

DeMente B. L., . (1995). Chinese in plain English. Chicago, illinois: Passport Books.

MLA

DeMente Boye Lafayette, . Chinese in plain English. Chicago, illinois: Passport Books. 1995.

  • Place hold
  • Print
  • Cite
  • Add to your cart (remove)
  • Save record
    BIBTEX Dublin Core MARCXML MARC (non-Unicode/MARC-8) MARC (Unicode/UTF-8) MARC (Unicode/UTF-8, Standard) MODS (XML) RIS
  • More searches
    Search for this title in:
    Other Libraries (WorldCat) Other Databases (Google Scholar) Online Stores (Bookfinder.com) Open Library (openlibrary.org)

Exporting to Dublin Core...

SOUTHVILLE LIBRARY

Southville International School and Colleges Library

1281 Tropical Ave. Cor. Luxembourg St., BF Homes International, Las Pinas City

Tel. No. 8256374 / 252358 Loc. 117/146

Powered by Koha